Pays du monde sans carte (de H à D) - Statistiques

Statistiques générales
  • Ce quiz a été pris 236 fois
  • Le résultat moyen est 22 sur 29
Statistiques - réponses
Hint Réponse % Correct
F Finlande
97%
F France
95%
H Honduras
94%
D Danemark
93%
H Hongrie
93%
E Espagne
89%
G Géorgie
86%
F Fidji
83%
G Guinée
83%
E Estonie
81%
G Guatemala
81%
E Érythrée
79%
E Éthiopie
78%
G Ghana
78%
G Gabon
76%
G Guinée Bissau
76%
G Guinée équatoriale
75%
H Haïti
73%
D Djibouti
72%
E Équateur
67%
G Grèce
65%
G Guyana
64%
E Eswatini
62%
E États-Unis
62%
E Égypte
57%
G Grenade
57%
E Émirats Arabes Unis
56%
G Gambie
56%
D Dominique
54%
Aucun quiz correspondant
Distribution des résultats
% des personnes avec chaque résultat
Percentile par nombre de réponses
Votre historique - résultats
Vous n’avez pas pris ce quiz